| 000 | 00833nam a22001577a 4500 | ||
|---|---|---|---|
| 003 | NUST | ||
| 020 | _a0-19-567685-8 | ||
| 082 | _a006.4, SHI | ||
| 100 |
_aRajjan Shinghal _997537 |
||
| 245 |
_aPattern Recognition/ _bTechniques and Applications _cby Rajjan Shinghal |
||
| 250 | _a1st Ed | ||
| 260 |
_aIndia _bOxford Uni Press _c2006 |
||
| 300 | _a303: pages | ||
| 505 | _aLearning to Recognize Patterns(Page-13), Decision Trees: Basics (Page-39), Decision Trees: Extensions (Page-71), Obtaining Prules by Evolution (Page-93), Bayes Classification (Page-109), Nearest Neighbor Classification (Page-127), Multilayer Neural Nets (Page-143),Linear Classification (Page-201), Cross Validation and Attribute Selection (Page-211), Clustering (Page-221),Syntatic Pattern Recognition (Page-241),Summing Up (Page-253). | ||
| 942 |
_2ddc _cBK |
||
| 999 |
_c591093 _d591093 |
||